000 00891nam a22002177a 4500
010 _a1617CH-EN
020 _a9789380070902
_c175.00
035 _aB-643558-580
035 _aB-664672
037 _aDPL
_bBSB/Ven.
082 _aS
100 _aWells, H.G.
245 _aThe war of the worlds /
_cby H.G. Wells
260 _aNew Delhi
_bOm Kidz
_c2016
270 _a4379/4B, Prakash House, Ansari Road,
_bNew Delhi
_e110002
300 _a224p.
_bill.
_c20cm(Hb)
490 _aOm Illustrated Classics
942 _2ddc
_cCH
_mWEL
_hS
999 _c100383
_d100383